000 00597nam a22002057a 4500
003 OSt
005 20250710020420.0
008 250708b |||||||| |||| 00| 0 eng d
020 _a978-0-385-53509-0
040 _aDWC-Main Lib
_cOC
082 _aF W746r 2011
100 _aWilson, Daniel H.
245 _aRobopocalypse:
_ba novel/
_cDaniel H. Wilson
250 _a1st edition
260 _aNew York:
_bRandom House, Inc.,
_cc2011.
300 _a347 pages;
_c23cm.
650 _a1. Robots-Fiction.
650 _a2. Artificial intelligence-Fiction.
942 _2ddc
_cFIC.
_e1st edition
_kFic.
_n0
999 _c3449
_d3449